000 00698nam a2200265Ia 4500
005 20260121172518.0
008 008 260114s9999 xx 000 0 eng d
020 _a9789811608858
037 _aEBOOK
040 _aCRL
040 _beng
040 _cCRL
041 _2eng
041 _aeng
084 _qCRL
100 _aKenichiro Ikeshita, Daisuke Ikazaki
_91089348
245 0 _aGlobalization, Population, and Regional Growth in the Knowledge-Based Economy
260 _bSpringer
260 _bSpringer
260 _c2021
856 _uhttps://link.springer.com/openurl?genre=book&isbn=978-981-16-0885-8
942 _cEBOOK
999 _c1655087
_d1655087